Spolupráce ústřední knihovny kraje se soustavou VTEI : Z praxe Severomoravského kraje /

Saved in:
Bibliographic Details
Main Author: Jurdová, Zdeňka (Author)
Format: Book
Language:Czech
Published: Praha : ÚVTEI, 1982
Tags: Add Tag
No Tags, Be the first to tag this record!

MARC

LEADER 00000nam a22000003a 4500
001 stu37474
005 20150617225724.1
008 920713s1982----cs------------------cze-d
040 |a STU  |b slo 
041 0 |a cze 
044 |a cs 
100 1 |a Jurdová, Zdeňka  |4 aut 
245 1 |a Spolupráce ústřední knihovny kraje se soustavou VTEI :  |b Z praxe Severomoravského kraje /  |c [aut.]Zdeňka Jurdová 
260 |a Praha :  |b ÚVTEI,  |c 1982 
300 |a 48 s 
996 |b 284M034914  |c M*B-61  |l MMKN  |s A  |a 24  |w stu37474_0001